| 000 | 02190nam a2200289 i 4500 | ||
|---|---|---|---|
| 001 | 13276561 | ||
| 005 | 20250915135907.0 | ||
| 006 | m o d | | ||
| 007 | cr n | ||
| 008 | 191220s2005 ne o 000 0 eng d | ||
| 020 | _z9781138174382 | ||
| 020 | _a9781000036091 | ||
| 035 | _a(WaSeSS)ssj0003103983 | ||
| 040 |
_aMiAaPQ _beng _epn _cMiAaPQ _dMiAaPQ _dWaSeSS |
||
| 050 | 4 |
_aK1322 _b.K459 2005 |
|
| 100 |
_aKeizer, Jan. _925889 |
||
| 245 | 1 | 2 |
_aA basic guide to international business law _c/ J. Keizer, H. Wevers. |
| 264 | 1 |
_aHouten, The Netherlands : _bWolters-Noordhoff bv Groningen, _c[2005] |
|
| 300 | _a1 online resource | ||
| 520 | _aA Basic Guide to International Business Law A Basic Guide to International Business Law aims to give students an understanding as well as practical knowledge of legal problems arising in the area of international business, and to equip them with the skills needed to prevent and tackle these problems. All Chapters employ the same didactic structure. Introductory case studies, examples, annotated case law, glossaries, diagrams, summaries and exercises are all designed to familiarize students quickly with relevant aspects of international (business) law. A Basic Guide to International Business Law deals with the following topics: • Introduction to International Private Law and European Law • Legal aspects of negotiations • International contracts: matters of jurisdiction and the law applicable to these contracts • International contracts of sale • Competion law • Free movement of goods, workers, the freedom of capital and establishment and the freedom to provide services • International payments • Carriage of goods by road and sea • Incoterms • Entry modes (agents, representatives, distributors, licensing, franchising) | ||
| 650 | 0 |
_aInternational business enterprises _xLaw and legislation. _95138 |
|
| 690 | _aElectronic books. | ||
| 700 |
_aWevers, H. _925890 |
||
| 710 | 2 | _aTaylor & Francis eBooks EBA | |
| 856 | 4 | 0 |
_zClick here for full text _uhttps://bibliotheque.tbs-education.fr/Default/doc/SYRACUSE/3393753/a-basic-guide-to-international-business-law-h-wevers-llm |
| 942 | _2lcc | ||
| 999 |
_c4946 _d4946 |
||